| 000 | 00631cab a2200217 4500 | ||
|---|---|---|---|
| 001 | WB2405-24 | ||
| 008 | 090401t1988 xxu||||| |||| 00| 0 eng d | ||
| 035 | _a(Sirsi) u25652 | ||
| 041 | _aeng | ||
| 245 | _aEnvironmental assessment for major development | ||
| 260 | _c1988 | ||
| 350 | _a0 | ||
| 490 |
_aDaily Telegraph _v27/1/88 p2 |
||
| 520 | _aLooks at types of development likely to come under public scrutiny following the EEC Directive on pollution . | ||
| 650 | _aFISH FARMING | ||
| 650 | _aFORESTRY | ||
| 650 | _aOPENCAST COAL MINING | ||
| 690 | _aPLANNING LAW AND PRACTICE | ||
| 942 | _n0 | ||
| 948 | _c04/03/1997 | ||
| 999 |
_c17238 _d17238 |
||